| 000 | 00634nam a2200193 i 4500 | ||
|---|---|---|---|
| 001 | 184831 | ||
| 003 | ES-MaACL | ||
| 005 | 20260201063019.0 | ||
| 008 | 160203s1917 fr |||| | fre d | ||
| 100 | 1 |
_aAdam, Juliette, _d1836-1936 _969803 |
|
| 245 | 1 | 0 |
_aGuillaume II _b: 1890-1899 / _cMme Adam (Juliette Lamber). |
| 260 |
_aParis : _bF. Alcan, _c1917. |
||
| 300 |
_a255 p. ; _c19 cm. |
||
| 490 | 1 | _aBibliothèque d'histoire contemporaine | |
| 600 | 0 | 4 |
_aGuillermo II, _cEmperador de Alemania _960805 |
| 830 | 0 |
_aBibliothèque d'histoire contemporaine _9180875 |
|
| 852 |
_aES-MaACL _jG-7261 |
||
| 999 |
_c184831 _d184831 |
||